City Translations - Statistics

General Stats
  • This quiz has been taken 32 times
  • The average score is 19 of 30
Answer Stats
English Language City % Correct
8) The Angels Spanish Los Angeles
93%
11) Princes Port French Port Au Prince
89%
23) St John Spanish San Juan
89%
14) Saint Paul Portuguese Sao Paulo
89%
13) Saint Anthony Spanish San Antonio
86%
9) Saint Francis Spanish San Francisco
86%
6) Saint Joseph Spanish San Jose
86%
2) Fair/Good Winds Spanish Buenos Aires
82%
10) Saint Anne Spanish Santa Ana
82%
16) St Monique Spanish Santa Monica
82%
15) St Thomas and Prince Portuguese Sao Tome and Principe
82%
3) Red Hero Mongolian Ulaanbaatar
82%
12) Saint Dominic Spanish Santo Domingo
79%
4) Red Stick French Baton Rouge
75%
25) Saint Michael Spanish San Miguel
68%
19) Rosary Spanish Rosario
64%
20) Beautiful Horizon Portuguese Belo Horizonte
57%
1) Holy Faith Spanish Santa Fe
57%
21) The Pass Spanish El Paso
54%
22) Holy Cross Spanish Santa Cruz
54%
7) Saint James Spanish Santiago
54%
5) The Crosses Spanish Las Cruces
46%
28) Clear Water French Eau Claire
43%
18) New Port Portuguese Porto Novo
43%
26) St Didacus Spanish San Diego
39%
27) St Louis the Bishop Spanish San Luis Obispo
39%
24) Lowlands French Basse Terre
21%
17) Beautiful View Spanish Chula Vista
11%
29) Heart of an Awl French Coeur d'Alene
11%
30) The Poplars Spanish Los Alamos
11%
No matching quizzes found
Score Distribution
Percent of People with Each Score
Percentile by Number Answered
Your Score History
You have not taken this quiz